Návrh plynových infražiaričov v priemyselných objektoch.

Na minha lista:
Detalhes bibliográficos
Autor principal: Predajnianska, Anna (Author)
Outros Autores: Víchová, Kamila (Thesis advisor)
Formato: Manuscrito Livro
Idioma:eslovaco
Publicado em: 2019
Assuntos:
Acesso em linha:http://is.stuba.sk/zp/portal_zp.pl?podrobnosti=145188
https://opac.crzp.sk/?fn=detailBiblioForm&sid=BCA102CB6C4CA54D4FEDA875C35B
Tags: Adicionar Tag
Sem tags, seja o primeiro a adicionar uma tag!

MARC

LEADER 00000ntm a22000003a 4500
001 stuzp73381
003 SK-STU
005 20230609091204.4
007 ta
008 150427s2015----xo-----f-mn---000-0-slo-d
040 |a STU  |b slo 
041 0 |a slo 
100 1 |a Predajnianska, Anna  |u 010290  |k Z4  |4 aut  |U SvF Stavebná fakulta  |T SvF Katedra technických zariadení budov  |X 54857  |U V290  |Y 31  |7 54857 
242 0 1 |a Design of gas infrared in industrial buildings  |y eng 
245 1 0 |a Návrh plynových infražiaričov v priemyselných objektoch. 
260 |c 2019 
650 4 |a tmavý plynový infražiarič  |2 slo 
650 4 |a veľkoplošné vykurovanie  |2 slo 
650 4 |a priemyselná hala  |2 slo 
650 4 |a dark gas infrared emitter  |2 eng 
650 4 |a industry hall  |2 eng 
650 4 |a large area heating  |2 eng 
700 1 |a Víchová, Kamila  |u 010290  |k Z1  |4 ths  |U SvF Stavebná fakulta  |T SvF Katedra technických zariadení budov  |X 60012  |U V290  |Y 31  |7 A000060012 
856 4 |u http://is.stuba.sk/zp/portal_zp.pl?podrobnosti=145188 
856 4 |u https://opac.crzp.sk/?fn=detailBiblioForm&sid=BCA102CB6C4CA54D4FEDA875C35B